Music Quiz

Random Music or Rock Quiz

Three-Word 'The' Bands Quiz Stats

 Plays Quiz Updated Jul 6, 2016

Score 0/38 Timer 06:00
2 Plays Today
% Correct
Rolling
96%
Boys
95.7%
Pumpkins
94.1%
Dolls
94%
Jackson
92.5%
White
91.3%
Brothers
89.9%
Tings
88.6%
Blues
87.7%
Velvet
87.7%
Sisters
85%
Dimension
84.1%
Seasons
83.3%
Guess
82.4%
Flaming
81.8%
Keys
80.2%
Human
79.2%
Lovin'
78.1%
Boo
77.4%
% Correct
Roots
75.4%
Trio
68.5%
Rats
67.7%
Psychedelic
67%
Hip
66.3%
Stone
63.2%
Hold
62%
Transfer
60.3%
Council
59.5%
Fields
58.3%
Milkmen
58.2%
Power
56.5%
Band
56.2%
Singers
55.6%
Dream
55.4%
Electric
51.9%
Perry
51.7%
Verve
50.1%
Volta
48.6%

You're not logged in!

Compare scores with friends on all Sporcle quizzes.
OR
Log In

Sporcle TV

Today on Sporcle TV


Watch our educational content, quiz creation guides, and fun videos on Sporcle TV.

Show Comments

Extras

Top Quizzes Today


Score Distribution

Your Account Isn't Verified!

In order to create a playlist on Sporcle, you need to verify the email address you used during registration. Go to your Sporcle Settings to finish the process.

Report this User

Report this user for behavior that violates our Community Guidelines.

Details: